MARC

LEADER 00000nam0a2200000 4500
001 356398
005 20231102010905.0
035 |a (RuTPU)RU\TPU\retro\13658 
090 |a 356398 
100 |a 20200720d1977 m y0rusy50 ca 
101 0 |a rus 
102 |a RU 
105 |a a z 001zy 
200 1 |a Монтаж газоплотного котлоагрегата БКЗ-420/140 НГМ  |f Л. Д. Рудницкий 
210 |a Москва  |c Энергия  |d 1977 
215 |a 112 с.  |c ил. 
225 1 |a Библиотека тепломонтажника 
320 |a Библиогр.: с. 112 
606 1 |a Котельные установки  |x Монтаж  |2 stltpush  |3 (RuTPU)RU\TPU\subj\15994  |9 42189 
610 1 |a котлоагрегаты под наддувом 
610 1 |a конструктивные особенности 
610 1 |a монтажные блоки 
610 1 |a сборка 
610 1 |a монтажные работы 
675 |a 621.18:69  |v 4 
700 1 |a Рудницкий  |b Л. Д.  |g Ларгий Денисович 
801 1 |a RU  |b 63413507  |c 20200720 
801 2 |a RU  |b 63413507  |c 20210203  |g RCR 
942 |c BK